000 00656nam a2200193Ia 4500
005 20250508155850.0
008 008 250505s9999 xx 000 0 eng d
037 _aDissertations
040 _aFEDL
_beng
_cFEDL
041 _aeng
_2eng
084 _a370.15, SAH/DI
_qFEDL
100 _aSahdev Madhu
_9767723
245 0 _aInvestigation into the relationship between the socio-emotional climate of a class and the achievement behaviour and interest pattern of the pupils
260 _c1965
300 _a148p.
546 _aM. Ed. Dissertations, 1965 (Delhi University)
942 _cDIS
_h370.15, SAH/DI
999 _c1359721
_d1359721